000 00841nam a22002177a 4500
999 _c5566
_d5566
003 AR-CdUCM
008 190312b ||||| |||| 00| 0 spa d
040 _aMUNICIPALIDAD PROVINCIAL DEL CUSCO
_cBIBLIOTECA MUNICIPAL DEL CUSCO
082 _a299.85 /
_bV78
100 _aVizcarra, Julio A
_916673
245 _aDos apuntes sobre historia :
_bLa religión en el antiguo Perú, La emancipación peruana /
260 _aCusco :
_bTalleres gráficos de la editorial garcilaso,
_c1964.
300 _a123 paginas ;
_c23 cm.
500 _aDonación de la familia Nieto.
505 _aContenido :Dos apuntes sobre historia -- La religión es el antiguo Perú -- La emancipación peruana ..
650 _aLiteratura peruana
_9169
650 _aHistoria cusqueña
_95374
650 _aHistoria del Perú
_9259
942 _2ddc
_cLIBROS
945 _arum